[Event "PRO League Group Stage"]
[Site "chess.com INT"]
[Date "2018.02.04"]
[Round "4"]
[White "Zwardon, Vojtech"]
[Black "Stefansson, Hannes"]
[Result "0-1"]
[WhiteTitle "IM"]
[BlackTitle "GM"]
[WhiteElo "2412"]
[BlackElo "2523"]
[WhiteTeam "Riga Magicians"]
[BlackTeam "Reykjavik Puffins"]
[WhiteFideId "325511"]
[BlackFideId "2300087"]
[EventDate "2018.01.18"]

1. c4 Nf6 2. g3 c6 3. Bg2 d5 4. Nf3 g6 5. b3 Bg7 6. Bb2 O-O 7. O-O Re8 8. d3
Nbd7 9. Nc3 e5 10. Rc1 d4 11. Ne4 Nxe4 12. dxe4 Nc5 13. Ne1 f5 14. exf5 Bxf5 15.
Nd3 Ne6 16. h3 e4 17. g4 exd3 18. gxf5 dxe2 19. Qxe2 Nf4 20. Qg4 Ne2+ 21. Kh1
Nxc1 22. Bxc1 Qf6 23. Be4 h5 24. Qf3 g5 25. Bd3 g4 26. Qg3 Kf7 27. c5 Bh6 28.
Bxh6 Qxh6 29. Bc4+ Kf8 30. Qh4 Re4 31. f3 Rf4 32. hxg4 Qg7 33. Qxh5 Ke7 34. Re1+
Kd7 35. Be6+ Kc7 36. f6 Qh8 37. f7 Qxh5+ 38. gxh5 d3 39. Kg2 b5 40. cxb6+ axb6
41. a4 b5 42. axb5 cxb5 43. Rd1 Rd8 44. Kf2 Rf6 45. Bg4 Rxf7 46. Rd2 Kb6 47. b4
Rd6 48. Ke3 Re7+ 49. Kf2 Kc6 50. Bf5 Rd4 51. Be4+ Kb6 52. Rxd3 Rxb4 53. h6 Rc4
54. h7 Rc8 55. Rd6+ Ka5 56. Bd3 Rh8 57. f4 Rb7 58. Ke3 Kb4 59. Kd2 Kb3 60. Bc2+
Kb2 61. Be4 Re7 62. Bd3 b4 63. Rb6 b3 64. Bc4 Rd8+ 65. Bd3 Red7 66. Ke2 Re7+ 67.
Kf2 Kc3 68. Bg6 Rc7 69. Kf3 b2 70. Kg4 Re7 71. Rc6+ Kb4 72. Rb6+ Kc3 73. Rc6+
Kb4 74. Rb6+ Kc3 75. f5 Re1 76. f6 Rg1+ 77. Kh5 Rh1+ 78. Kg5 Rd5+ 79. Kf4 Rd4+
80. Ke5 Re1+ 81. Kf5 Rd5+ 82. Kf4 Rd4+ 83. Kf3 Rh4 84. f7 Rxh7 85. Bxh7 Rf1+ 86.
Ke2 Rxf7 87. Be4 Rc7 88. Ke3 Rc8 89. Rb7 Rh8 90. Rc7+ Kb3 91. Bd5+ Kb4 92. Be4
Re8 93. Kd4 Rxe4+ 94. Kxe4 b1=Q+ 95. Kd5 Qd3+ 96. Kc6 Qd4 97. Rb7+ Kc4 98. Rc7
Qf6+ 99. Kb7+ Kb5 100. Rc1 Qf3+ 101. Kc8 Qf5+ 102. Kb7 Qh7+ 103. Rc7 Qe4+ 104.
Ka7 Qd5 105. Rb7+ Kc6 106. Rb6+ Kc7 107. Rc6+ Kxc6 0-1

[Event "PRO League Group Stage"]
[Site "chess.com INT"]
[Date "2018.02.04"]
[Round "4"]
[White "Zwardon, Vojtech"]
[Black "Roberson, Peter T"]
[Result "1-0"]
[WhiteTitle "IM"]
[BlackTitle "IM"]
[WhiteElo "2412"]
[BlackElo "2412"]
[WhiteTeam "Riga Magicians"]
[BlackTeam "London Towers"]
[WhiteFideId "325511"]
[BlackFideId "412384"]
[EventDate "2018.01.18"]

1. c4 b6 2. Nf3 Bb7 3. g3 g6 4. Bg2 Bg7 5. Nc3 Nf6 6. d3 O-O 7. Bg5 c5 8. Qd2
Nc6 9. O-O Nd4 10. Nxd4 Bxg2 11. Kxg2 cxd4 12. Nb5 d5 13. Bxf6 Bxf6 14. b3 e5
15. f4 e4 16. a4 Qd7 17. a5 a6 18. Na3 b5 19. cxb5 axb5 20. b4 Rfc8 21. Rfc1 Rc3
22. Nb1 Rxc1 23. Qxc1 h5 24. a6 h4 25. Nd2 Qg4 26. Qf1 Qe6 27. a7 Qb6 28. dxe4
Rxa7 29. Rxa7 Qxa7 30. exd5 Qa2 31. Ne4 Qxd5 32. Qf3 Qe6 33. g4 Be7 34. f5 Qe5
35. Nf2 Bd6 36. fxg6 fxg6 37. h3 Kg7 38. Kf1 Bxb4 39. Nd3 Qe7 40. Qd5 Qf6+ 41.
Kg2 Bd6 42. Qxb5 Qe6 43. Qb7+ Kh6 44. Qf3 Kg7 45. Kf1 Qb3 46. Qe4 Qf7+ 47. Kg2
Qf6 48. Ne1 Bc7 49. Nf3 Bb6 50. g5 Qd6 51. Qxh4 d3 52. Qe1 dxe2 53. Qxe2 Bc7 54.
Qf2 Qf4 55. Qd4+ Qxd4 56. Nxd4 Ba5 57. Kf3 Bc3 58. Nb3 Kf7 59. Ke4 Be1 60. Nd4
Bf2 61. Nf3 Ke6 62. Ne5 Bh4 63. Kf4 Bxg5+ 64. Kxg5 Kxe5 65. Kxg6 Ke6 66. h4 Ke7
67. Kg7 1-0

[Event "PRO League Group Stage"]
[Site "chess.com INT"]
[Date "2018.02.04"]
[Round "4"]
[White "Swapnil, S. Dhopade"]
[Black "Moussard, Jules"]
[Result "0-1"]
[WhiteTitle "GM"]
[BlackTitle "GM"]
[WhiteElo "2533"]
[BlackElo "2571"]
[WhiteTeam "Mumbai Movers"]
[BlackTeam "Marseille Migraines"]
[WhiteFideId "5019184"]
[BlackFideId "642908"]
[EventDate "2018.01.18"]

1. d4 Nf6 2. c4 e6 3. Nf3 b6 4. g3 Bb7 5. Bg2 Bb4+ 6. Bd2 Be7 7. Nc3 O-O 8. O-O
c6 9. e4 d5 10. e5 Ne4 11. cxd5 Nxd2 12. Qxd2 cxd5 13. Rfe1 a6 14. Bf1 b5 15.
Bd3 Nc6 16. Rad1 Qd7 17. h4 Rae8 18. a3 b4 19. axb4 Nxb4 20. Bb1 a5 21. Kg2 h6
22. Nh2 f5 23. exf6 Bxf6 24. Ng4 e5 25. Nxf6+ Rxf6 26. Rxe5 Rxe5 27. dxe5 Rf8
28. Kg1 Qf7 29. f4 Rd8 30. Qf2 Qd7 31. Ne4 Qg4 32. Rd2 Rc8 33. Nc3 Rc4 34. Kh2
Bc8 35. Ne2 Qh3+ 36. Kg1 Bf5 37. Bxf5 Qxf5 38. Nc3 a4 39. Kh2 a3 40. bxa3 Nd3
41. Qe3 Rxc3 42. e6 Qe4 43. Qb6 Rc1 44. Kh3 Rh1+ 45. Kg4 Ne5+ 0-1

[Event "PRO League Group Stage"]
[Site "chess.com INT"]
[Date "2018.02.04"]
[Round "4"]
[White "Swapnil, S. Dhopade"]
[Black "Barseghyan, Harutyun"]
[Result "1/2-1/2"]
[WhiteTitle "GM"]
[WhiteElo "2533"]
[BlackElo "2467"]
[WhiteTeam "Mumbai Movers"]
[BlackTeam "Cannes Blockbusters"]
[WhiteFideId "5019184"]
[BlackFideId "13304585"]
[EventDate "2018.01.18"]

1. d4 d5 2. c4 dxc4 3. Nf3 Nf6 4. e3 a6 5. Bxc4 e6 6. O-O Nbd7 7. b3 c5 8. Ba3
b5 9. Be2 Bb7 10. Nbd2 Qa5 11. Bb2 Be7 12. a3 cxd4 13. Bxd4 O-O 14. b4 Qd8 15.
Nb3 Bd5 16. Na5 Rc8 17. Rc1 Rxc1 18. Qxc1 Qa8 19. Qb2 Rc8 20. Rc1 Ne8 21. Rxc8
Qxc8 22. Nd2 Bd8 23. e4 Ba8 24. Nab3 f6 25. f3 e5 26. Be3 Qc6 27. Nc5 Nxc5 28.
Bxc5 g6 29. Nb3 Bb7 30. Bf2 Bc8 31. Nc5 Nc7 32. Bd1 Kg7 33. Bb3 Ne6 34. Bd5 Qe8
35. Bxe6 Bxe6 36. Nxa6 Qd7 37. Qc1 Bc4 38. Nc5 Qd6 39. Be3 g5 40. h4 h6 41. hxg5
hxg5 42. Nb7 Qd7 43. Nxd8 Qxd8 44. a4 g4 45. a5 gxf3 46. gxf3 f5 47. exf5 Qd3
48. Kf2 Kf6 49. a6 Qe2+ 50. Kg3 Bd5 51. Bg5+ Kxf5 52. Qe3 Qxe3 53. Bxe3 Ba8 54.
a7 Bc6 55. Bg1 Bb7 56. Bh2 Ba8 57. Kf2 Bb7 58. Ke3 Ke6 59. Bg3 Ba8 60. Bh4 Kd6
61. Bd8 Kd5 62. Bc7 Ke6 63. Kf2 Kf5 64. Ke2 Ke6 65. Ke3 Bb7 66. Bd8 Kd6 67. Bh4
Ke6 68. Bg3 Ba8 69. Bf2 Kd5 70. Kd3 Ke6 71. Ke2 Kd5 72. Ke3 Ke6 73. Bg3 Kd5 74.
Kf2 Ke6 75. Bh4 Kf5 76. Kg3 Bb7 77. Bd8 Ba8 78. Bc7 Bb7 79. Bxe5 Kxe5 80. Kg4
Kf6 81. Kf4 Ba8 82. Ke3 Ke6 83. f4 Kf5 84. Kd4 Kxf4 85. Kc5 Ke5 86. Kb6 Kd6 87.
Kxb5 Kc7 88. Ka6 Bb7+ 89. Ka5 Ba8 90. b5 Kb7 91. b6 Kc6 92. Ka6 Bb7+ 93. Ka5 Ba8
94. Ka6 Bb7+ 95. Ka5 Ba8 96. Ka6 Bb7+ 1/2-1/2

[Event "PRO League Group Stage"]
[Site "chess.com INT"]
[Date "2018.02.04"]
[Round "4"]
[White "Dek, Lennart"]
[Black "Abdrlauf, Elham"]
[Result "1/2-1/2"]
[WhiteTitle "FM"]
[WhiteElo "2279"]
[BlackElo "2073"]
[WhiteTeam "Amsterdam Mosquitoes"]
[BlackTeam "Norway Gnomes"]
[WhiteFideId "1013114"]
[BlackFideId "1533533"]
[EventDate "2018.01.18"]

1. e4 e5 2. Nf3 Nc6 3. Bc4 Bc5 4. c3 Nf6 5. d3 d6 6. O-O O-O 7. Bb3 Be6 8. Nbd2
d5 9. exd5 Bxd5 10. Bc2 Re8 11. b4 Bd6 12. Re1 e4 13. dxe4 Nxe4 14. Nxe4 Bxe4
15. Bg5 f6 16. Bxe4 fxg5 17. Qd5+ Kh8 18. Nxg5 Ne5 19. Nf7+ Nxf7 20. Qxf7 Qh4
21. g3 Qh6 22. Bxb7 Rf8 23. Qd5 Rad8 24. Qg2 Qf6 25. Re3 c5 26. bxc5 Bxc5 27.
Rf3 Qe7 28. Rf1 Rxf3 29. Qxf3 Rf8 30. Qe4 Qf6 31. Qe2 Qxc3 32. Bd5 a5 33. Qc4
Qa3 34. Qb3 g6 35. Qxa3 Bxa3 36. Kg2 Rd8 37. Bb3 Kg7 38. Re1 Rd7 39. Re2 Bc5 40.
f4 Bb4 41. Kf3 Kf6 42. g4 Rd3+ 43. Ke4 Rd7 44. g5+ Kg7 45. Kf3 Rc7 46. Re8 h6
47. gxh6+ Kxh6 48. Re2 Kg7 49. Kg4 Re7 50. Rc2 Re1 51. h4 Rg1+ 52. Kf3 Rf1+ 53.
Kg3 Be1+ 54. Kg2 Rxf4 55. Rc7+ Kh6 56. Rc6 Rxh4 57. Bc2 Rg4+ 58. Kf3 Rg5 59. Ke2
Bb4 60. Kf3 Rg1 61. Kf2 Rg5 62. Kf3 Rg1 63. Kf2 Rg4 64. Kf3 Rg5 65. Be4 Be1 66.
Ke2 Bb4 67. Kf3 Kg7 68. Ra6 Be7 69. Ra7 Kf7 70. Kf4 Rg1 71. Rxa5 g5+ 72. Ke3
Re1+ 73. Kd3 Rd1+ 74. Ke2 Re1+ 75. Kf3 Rf1+ 76. Ke2 Re1+ 77. Kxe1 Bb4+ 78. Kf2
Bxa5 79. Kf3 Kf6 80. Kg4 Ke5 1/2-1/2

[Event "PRO League Group Stage"]
[Site "chess.com INT"]
[Date "2018.02.04"]
[Round "4"]
[White "Dek, Lennart"]
[Black "Prithu, Gupta"]
[Result "1-0"]
[WhiteTitle "FM"]
[BlackTitle "FM"]
[WhiteElo "2279"]
[BlackElo "2373"]
[WhiteTeam "Amsterdam Mosquitoes"]
[BlackTeam "Delhi Dynamite"]
[WhiteFideId "1013114"]
[BlackFideId "46618546"]
[EventDate "2018.01.18"]

1. e4 c6 2. d4 d5 3. exd5 cxd5 4. Bd3 Nc6 5. c3 Nf6 6. Bf4 g6 7. Nf3 Bg7 8. h3
O-O 9. Nbd2 Nd7 10. O-O e5 11. dxe5 Ndxe5 12. Bc2 Qb6 13. Bb3 Be6 14. Nxe5 Nxe5
15. Bxe5 Bxe5 16. Nf3 Bg7 17. Qd2 a5 18. Ba4 Rac8 19. Rad1 d4 20. Nxd4 Rfd8 21.
Qe3 Bxd4 22. Rxd4 Qxb2 23. Bb3 Bxb3 24. axb3 Qxb3 25. Ra1 Rxd4 26. Qxd4 Qxc3 27.
Qxc3 Rxc3 28. Rxa5 Rc8 29. f4 b6 30. Rb5 Rb8 31. Kf2 Kg7 32. g4 h6 33. Kf3 Kf6
34. f5 g5 35. Ke4 Ke7 36. Ke5 f6+ 37. Kd5 Kd7 38. Rb3 b5 39. Kc5 b4 40. Rxb4
Rxb4 41. Kxb4 Kd6 42. Kb5 Ke5 43. Kc6 Kf4 44. Kd6 h5 45. Ke6 hxg4 46. hxg4 Kxg4
47. Kxf6 Kf4 48. Ke6 g4 49. f6 g3 50. f7 g2 51. f8=Q+ Kg3 52. Qg7+ Kh2 53. Qh6+
Kg1 54. Kf5 Kf1 55. Qf4+ Kg1 56. Kg4 1-0

[Event "PRO League Group Stage"]
[Site "chess.com INT"]
[Date "2018.02.04"]
[Round "4"]
[White "Swapnil, S. Dhopade"]
[Black "Pantsulaia, Levan"]
[Result "0-1"]
[WhiteTitle "GM"]
[BlackTitle "GM"]
[WhiteElo "2533"]
[BlackElo "2605"]
[WhiteTeam "Mumbai Movers"]
[BlackTeam "Stockholm Snowballs"]
[WhiteFideId "5019184"]
[BlackFideId "13602071"]
[EventDate "2018.01.18"]

1. Nf3 c5 2. g3 b6 3. Bg2 Bb7 4. O-O g6 5. c4 Bg7 6. Nc3 Nc6 7. Rb1 Nh6 8. d4
cxd4 9. Bxh6 Bxh6 10. Nxd4 O-O 11. e3 Rc8 12. Rc1 Re8 13. b3 Qc7 14. Rc2 Qe5 15.
Re1 Bg7 16. Rd2 Ba8 17. Ncb5 Qb8 18. Nc3 Ne5 19. Nd5 e6 20. Nf4 Bxg2 21. Kxg2
Qb7+ 22. Kg1 a6 23. a4 d6 24. Nd3 Nd7 25. Nb4 Nc5 26. Nbc2 Ne4 27. Rd3 Nc5 28.
Rd2 h5 29. h4 e5 30. Nf3 Nxb3 31. Rxd6 Rxc4 32. Na3 Rb4 33. Rd7 Qc6 34. Ng5 Rf8
35. Rd6 Qxa4 36. Nc2 Rb5 37. Rd8 Rc5 38. Qf3 Rc7 39. Qd5 Qc4 40. Rxf8+ Bxf8 41.
Qxe5 Qxc2 42. Ne4 Be7 43. Qf4 Qc6 44. Rd1 Nc5 45. Nc3 Rd7 46. Rb1 Ne6 47. Qb8+
Rd8 48. Nd5 Qxd5 49. Qxb6 a5 50. Rb5 Qd1+ 51. Kg2 a4 52. Qa7 Bf8 53. Ra5 a3 0-1

[Event "PRO League Group Stage"]
[Site "chess.com INT"]
[Date "2018.02.04"]
[Round "4"]
[White "Meier, Georg"]
[Black "Melkumyan, Hrant"]
[Result "1/2-1/2"]
[WhiteTitle "GM"]
[BlackTitle "GM"]
[WhiteElo "2647"]
[BlackElo "2654"]
[WhiteTeam "Stockholm Snowballs"]
[BlackTeam "Armenia Eagles"]
[WhiteFideId "4675789"]
[BlackFideId "13302485"]
[EventDate "2018.01.18"]

1. Nf3 Nf6 2. g3 d5 3. Bg2 Nc6 4. d4 Bf5 5. O-O e6 6. c3 Be7 7. Bg5 h6 8. Bxf6
Bxf6 9. Nfd2 Ne7 10. e4 dxe4 11. Nxe4 Bxe4 12. Bxe4 c6 13. Qb3 Qc7 14. Nd2 O-O
15. Rad1 Rfd8 16. Rfe1 b5 17. Bg2 Nd5 18. Ne4 Be7 19. Qc2 g6 20. h4 h5 21. Qe2
Kg7 22. Rd3 a5 23. Red1 a4 24. a3 Rd7 25. Qc2 Rad8 26. Bf3 Nb6 27. Be2 Nd5 28.
Bf1 Re8 29. Nd2 Bd6 30. Bg2 Rdd8 31. Nf3 Be7 32. R3d2 Bf6 33. Bf1 Rd7 34. Qe4
Red8 35. Be2 Ne7 36. Kg2 Nf5 37. Bf1 Qd6 38. Be2 Rb8 39. Bf1 Qd5 40. Bd3 Qxe4
41. Bxe4 Ne7 42. Ne1 Nd5 43. Nd3 Be7 44. Ne5 Rc7 45. Rc2 Bd6 46. Nd3 Nb6 47. Bf3
Rd8 48. Ne1 Be7 49. Nd3 Nc4 50. Ne5 Na5 51. Kf1 Bd6 52. Nd3 Kf6 53. Re2 Nc4 54.
Ke1 Nb6 55. Be4 Ke7 56. Kf1 c5 57. dxc5 Bxc5 58. Ke1 Nc4 59. Nxc5 Rxd1+ 60. Kxd1
Rxc5 61. Kc2 Nd6 62. Bd3 g5 63. hxg5 Rxg5 64. b3 axb3+ 65. Kxb3 h4 66. gxh4 Rh5
67. c4 bxc4+ 68. Bxc4 Rxh4 69. Rc2 Nf5 70. Rd2 Nd4+ 71. Kc3 e5 72. a4 Rh1 73. f4
Rc1+ 74. Kd3 Nc6 75. Bb5 Nb4+ 76. Ke4 Re1+ 77. Re2 Rxe2+ 78. Bxe2 exf4 79. Kxf4
Kd6 80. Kf5 Kc5 81. Kf6 Kb6 82. Kxf7 Ka5 83. Kf8 Kxa4 84. Bc4 Nd5 85. Bxd5 1/2-1/2

[Event "PRO League Group Stage"]
[Site "chess.com INT"]
[Date "2018.02.04"]
[Round "4"]
[White "Meier, Georg"]
[Black "Gupta, Abhijeet"]
[Result "1-0"]
[WhiteTitle "GM"]
[BlackTitle "GM"]
[WhiteElo "2647"]
[BlackElo "2610"]
[WhiteTeam "Stockholm Snowballs"]
[BlackTeam "Delhi Dynamite"]
[WhiteFideId "4675789"]
[BlackFideId "5010608"]
[EventDate "2018.01.18"]

1. Nf3 Nf6 2. g3 g6 3. Bg2 Bg7 4. O-O O-O 5. d4 d5 6. c4 c6 7. Nbd2 a5 8. b3 Bf5
9. Ba3 Ne4 10. Rc1 a4 11. bxa4 Nxd2 12. Nxd2 dxc4 13. Nxc4 Be6 14. Bb4 Na6 15.
Ba5 Qxd4 16. Qxd4 Bxd4 17. Rfd1 Bf6 18. Be1 Bxc4 19. Rxc4 Rfd8 20. Rb1 Rd7 21.
e3 Rad8 22. Rcc1 e6 23. Kf1 Be7 24. Ba5 Ra8 25. Bc3 Nc5 26. a5 Bd8 27. Bd4 Na6
28. Rc3 c5 29. Be5 Bxa5 30. Rcb3 Nb4 31. a3 c4 32. Rxb4 Bxb4 33. Rxb4 Ra5 34.
Bb2 Rc5 35. Bd4 Rcc7 36. Rb1 c3 37. Rc1 c2 38. Ke2 f5 39. f4 Rc4 40. Kd2 Rdc7
41. Bf1 Ra4 42. Bb2 Ra5 43. Rxc2 Rxc2+ 44. Kxc2 Kf7 45. Kb3 Rd5 46. Bd4 Rd7 47.
a4 Rc7 48. Bc4 h6 49. h4 Rc8 50. Kb4 Rc6 51. Kb5 Rc8 52. a5 Rc6 53. Bc5 Rc8 54.
Be2 Rd8 55. Bf3 g5 56. hxg5 hxg5 57. Bxb7 1-0

[Event "PRO League Group Stage"]
[Site "chess.com INT"]
[Date "2018.02.04"]
[Round "4"]
[White "Meier, Georg"]
[Black "Ghosh, Diptayan"]
[Result "1/2-1/2"]
[WhiteTitle "GM"]
[BlackTitle "GM"]
[WhiteElo "2647"]
[BlackElo "2556"]
[WhiteTeam "Stockholm Snowballs"]
[BlackTeam "Mumbai Movers"]
[WhiteFideId "4675789"]
[BlackFideId "5045207"]
[EventDate "2018.01.18"]

1. Nf3 Nf6 2. g3 d5 3. Bg2 c6 4. O-O Bg4 5. h3 Bh5 6. c4 e6 7. d3 Nbd7 8. cxd5
exd5 9. Nc3 Bc5 10. Qb3 Bb6 11. Na4 O-O 12. Nxb6 axb6 13. g4 Bg6 14. Nd4 Re8 15.
f4 h6 16. Rf2 b5 17. Qc2 Qb6 18. Nf3 d4 19. Nh4 Bh7 20. g5 hxg5 21. fxg5 Nd5 22.
Bxd5 cxd5 23. Bf4 Nf8 24. Rg2 Ng6 25. Nxg6 Bxg6 26. a3 b4 27. Qb3 Qa5 28. Bd2
Bf5 29. h4 Bh3 30. Rh2 Bg4 31. Qxb4 Qxb4 32. Bxb4 Bxe2 33. Bc5 Bxd3 34. Rd1 Bc4
35. Bxd4 Re4 36. h5 Rg4+ 37. Rg2 Rxg2+ 38. Kxg2 Re8 39. h6 gxh6 40. gxh6 Kh7 41.
Bg7 Re3 42. Kf2 Rb3 43. Re1 f6 44. Bxf6 Kxh6 45. Rg1 Rh3 46. Bc3 b5 47. Rg8 Rh5
48. Bd4 Rh2+ 49. Kf3 Rh3+ 50. Kf2 Rh2+ 51. Kg3 Rd2 52. Rg4 Rd3+ 53. Kf2 Rd2+ 54.
Kg3 Re2 55. Bf6 Re4 56. Rxe4 dxe4 57. Kf4 Bd3 58. Bd4 Kg6 59. Ke3 1/2-1/2

[Event "PRO League Group Stage"]
[Site "chess.com INT"]
[Date "2018.02.04"]
[Round "4"]
[White "Meier, Georg"]
[Black "Carlsen, Magnus"]
[Result "0-1"]
[WhiteTitle "GM"]
[BlackTitle "GM"]
[WhiteElo "2647"]
[BlackElo "2834"]
[WhiteTeam "Stockholm Snowballs"]
[BlackTeam "Norway Gnomes"]
[WhiteFideId "4675789"]
[BlackFideId "1503014"]
[EventDate "2018.01.18"]

1. e4 e5 2. Nf3 Nc6 3. Bb5 Bb4 4. O-O Nge7 5. c3 Ba5 6. d4 exd4 7. cxd4 d5 8.
Bxc6+ Nxc6 9. exd5 Qxd5 10. Nc3 Bxc3 11. bxc3 O-O 12. Bf4 Bg4 13. Bxc7 Rac8 14.
Bg3 Na5 15. Re1 Rfe8 16. Qa4 Bd7 17. Qa3 Bc6 18. Qc5 b6 19. Qxd5 Bxd5 20. a4
Rxe1+ 21. Rxe1 f6 22. Re3 Nc4 23. Re7 a5 24. h4 Nb2 25. h5 Bxf3 26. gxf3 Nxa4
27. d5 Nxc3 28. d6 Nd5 29. Ra7 Rd8 30. Kf1 Nc3 31. Ra6 Nd5 32. Ra7 Kf8 33. Ke2
Nc3+ 34. Ke1 Nb5 35. Rb7 Nxd6 36. Rxb6 Nf5 37. Rb5 Nxg3 38. fxg3 Ra8 39. Kd2 a4
40. Kc2 a3 41. Kb1 a2+ 42. Ka1 Ra7 43. g4 h6 44. f4 Kf7 45. g5 Ke6 46. g6 Kd6
47. f5 Kc6 48. Rb8 Kd5 49. Re8 Kd4 50. Re6 Kd5 51. Re8 Kd6 52. Re2 Ra5 53. Re6+
Kd7 54. Rb6 Rxf5 55. Rb7+ Ke6 56. Rxg7 Rxh5 57. Kxa2 Kf5 58. Kb3 Rh1 59. Kc3 Re1
60. Kd2 Re8 61. Kd3 Kg5 62. Kd4 h5 63. Kd3 f5 64. Kd2 Kf6 65. Rb7 Kxg6 0-1

[Event "PRO League Group Stage"]
[Site "chess.com INT"]
[Date "2018.02.04"]
[Round "4"]
[White "Kukk, Sander"]
[Black "Alekseenko, Kirill"]
[Result "0-1"]
[BlackTitle "GM"]
[WhiteElo "2178"]
[BlackElo "2594"]
[WhiteTeam "Estonia Horses"]
[BlackTeam "Stockholm Snowballs"]
[WhiteFideId "4502094"]
[BlackFideId "4135539"]
[EventDate "2018.01.18"]

1. b3 d5 2. e3 Bf5 3. Bb2 e6 4. Nf3 Nf6 5. d4 Be7 6. Bd3 Bg6 7. O-O O-O 8. Nbd2
c5 9. Bxg6 hxg6 10. c4 Nc6 11. Qe2 cxd4 12. Nxd4 Rc8 13. Nxc6 bxc6 14. e4 d4 15.
e5 Ne8 16. Ne4 c5 17. f4 f5 18. exf6 gxf6 19. Nf2 Kf7 20. Rae1 Ng7 21. Nd3 Rh8
22. Qe4 Qd7 23. Rf3 Nf5 24. Rf2 Rh4 25. Rfe2 Ng7 26. g3 Rh5 27. Qf3 Rch8 28. Ba3
a5 29. Qe4 Bd6 30. Qf3 Qc7 31. Bc1 a4 32. bxa4 Rb8 33. Bd2 Rhh8 34. a5 Qd7 35.
Qg4 Ra8 36. Rb1 Rhb8 37. Rbe1 Ra7 38. Kg2 Rab7 39. Kg1 Rb1 40. Kg2 Rxe1 41. Rxe1
Qa4 42. Rc1 Qxa2 43. Qe2 Nf5 44. Kf2 Rh8 45. h4 g5 46. Be1 Qa4 47. h5 gxf4 48.
g4 Ne3 49. Qf3 Rb8 50. Qe4 f5 51. gxf5 exf5 52. Ne5+ Bxe5 53. Qxe5 Qa2+ 54. Kf3
Qg2+ 55. Kxf4 Qg4# 0-1

[Event "PRO League Group Stage"]
[Site "chess.com INT"]
[Date "2018.02.04"]
[Round "4"]
[White "Roberson, Peter T"]
[Black "Tari, Aryan"]
[Result "1/2-1/2"]
[WhiteTitle "IM"]
[BlackTitle "GM"]
[WhiteElo "2412"]
[BlackElo "2599"]
[WhiteTeam "London Towers"]
[BlackTeam "Norway Gnomes"]
[WhiteFideId "412384"]
[BlackFideId "1510045"]
[EventDate "2018.01.18"]

1. b3 e5 2. Bb2 Nc6 3. f3 d5 4. e3 Nf6 5. Bb5 Bd6 6. Ne2 O-O 7. Bxc6 bxc6 8. O-O
Bf5 9. f4 e4 10. Ng3 Bg4 11. Bxf6 Qxf6 12. Qxg4 Qxa1 13. Nc3 Qb2 14. Nh5 g6 15.
Nf6+ Kg7 16. Qg5 h6 17. Nh5+ Kh7 18. Nf6+ Kg7 19. Nh5+ Kh7 20. Nf6+ Kg7 1/2-1/2

[Event "PRO League Group Stage"]
[Site "chess.com INT"]
[Date "2018.02.04"]
[Round "4"]
[White "Kukk, Sander"]
[Black "Tan, Justin2"]
[Result "0-1"]
[BlackTitle "IM"]
[WhiteElo "2178"]
[BlackElo "2466"]
[WhiteTeam "Estonia Horses"]
[BlackTeam "London Lions"]
[WhiteFideId "4502094"]
[BlackFideId "3206882"]
[EventDate "2018.01.18"]

1. b3 e5 2. Bb2 Nc6 3. e3 Nf6 4. Bb5 Bd6 5. Na3 Na5 6. Be2 a6 7. c4 Qe7 8. Nc2
c5 9. d3 O-O 10. e4 b5 11. Nf3 Rb8 12. Bc3 Nc6 13. O-O Bc7 14. Ne3 d6 15. Nh4 g6
16. g3 Bh3 17. Re1 Ba5 18. Bxa5 Nxa5 19. Qd2 Nc6 20. Bf1 Bd7 21. Bg2 Nd4 22. Nc2
Nh5 23. Nxd4 cxd4 24. Rf1 Kh8 25. Qh6 Qf6 26. Rab1 Qg7 27. Qxg7+ Nxg7 28. f4 Ne6
29. Bh3 Nc5 30. Bxd7 Nxd7 31. Kf2 Nc5 32. Ke2 bxc4 33. bxc4 Na4 34. Kd2 Nc3 35.
Rb3 Kg7 36. f5 a5 37. g4 a4 38. Rxb8 Rxb8 39. Rc1 Nxa2 0-1

[Event "PRO League Group Stage"]
[Site "chess.com INT"]
[Date "2018.02.04"]
[Round "4"]
[White "Kukk, Sander"]
[Black "Degraeve, Jean-Marc"]
[Result "1-0"]
[BlackTitle "GM"]
[WhiteElo "2178"]
[BlackElo "2570"]
[WhiteTeam "Estonia Horses"]
[BlackTeam "Marseille Migraines"]
[WhiteFideId "4502094"]
[BlackFideId "600270"]
[EventDate "2018.01.18"]

1. b3 e5 2. Bb2 Nc6 3. e3 Nf6 4. Bb5 Bd6 5. Na3 e4 6. d4 exd3 7. Bxd3 Ne5 8. Be2
a6 9. Nc4 Nxc4 10. Bxc4 Bb4+ 11. c3 Be7 12. Nf3 d5 13. Be2 O-O 14. O-O Bg4 15.
h3 Bh5 16. c4 dxc4 17. Bxc4 c6 18. Be2 Qxd1 19. Rfxd1 Rfd8 20. g4 Bg6 21. Ne5
Bc2 22. Rxd8+ Rxd8 23. Kf1 Nd7 24. Nxd7 Rxd7 25. Rc1 Be4 26. f3 Bd5 27. Rc2 Be6
28. e4 g5 29. Kf2 Bd6 30. Bc4 Bf4 31. Ke2 Kf8 32. Ba3+ Ke8 33. Bc5 Bxc4+ 34.
bxc4 b5 35. cxb5 cxb5 36. Be3 Bxe3 37. Kxe3 Rb7 38. Rc5 a5 39. Rxg5 a4 40. a3
Ke7 41. Kd4 b4 42. axb4 Rxb4+ 43. Ke3 Rb3+ 44. Kf4 a3 45. Ra5 h6 46. h4 Kf8 47.
h5 Kg7 48. e5 Kf8 49. Ke4 Ke7 50. f4 f6 51. Ra7+ 1-0

[Event "PRO League Group Stage"]
[Site "chess.com INT"]
[Date "2018.02.04"]
[Round "4"]
[White "Roberson, Peter T"]
[Black "Swapnil, S. Dhopade"]
[Result "1-0"]
[WhiteTitle "IM"]
[BlackTitle "GM"]
[WhiteElo "2412"]
[BlackElo "2533"]
[WhiteTeam "London Towers"]
[BlackTeam "Mumbai Movers"]
[WhiteFideId "412384"]
[BlackFideId "5019184"]
[EventDate "2018.01.18"]

1. e4 c6 2. c4 d5 3. exd5 Nf6 4. Nc3 cxd5 5. cxd5 Nxd5 6. Nf3 Nc6 7. Bc4 Nb6 8.
Bb3 e6 9. O-O Be7 10. d4 O-O 11. Re1 Bf6 12. Be3 Na5 13. Bc2 Nac4 14. Qd3 g6 15.
Bh6 Nxb2 16. Qb5 N2c4 17. Bxf8 Kxf8 18. Rad1 Bd7 19. Qb4+ Be7 20. Qb3 Na5 21.
Qb1 Rc8 22. Ne4 Nac4 23. Bb3 Bc6 24. Ne5 Bd5 25. Qd3 Kg7 26. Qh3 Nd6 27. Bxd5
Nxd5 28. Nc5 b6 29. Nxf7 Kxf7 30. Qxh7+ Ke8 31. Qg8+ Bf8 32. Nxe6 Qf6 33. Nxf8+
Ne7 34. Nxg6+ Kd7 35. Rxe7+ Kc6 36. Qe6 Qg5 37. h4 Qh5 38. Qd7+ Kd5 39. Nf4+ Kc4
40. Nxh5 1-0

[Event "PRO League Group Stage"]
[Site "chess.com INT"]
[Date "2018.02.04"]
[Round "4"]
[White "Dek, Lennart"]
[Black "Sadhwani, Raunak"]
[Result "0-1"]
[WhiteTitle "FM"]
[BlackTitle "FM"]
[WhiteElo "2279"]
[BlackElo "2321"]
[WhiteTeam "Amsterdam Mosquitoes"]
[BlackTeam "Mumbai Movers"]
[WhiteFideId "1013114"]
[BlackFideId "35093487"]
[EventDate "2018.01.18"]

1. e4 c6 2. d4 d5 3. e5 Bf5 4. h4 h5 5. c4 e6 6. Bg5 Be7 7. Qd2 dxc4 8. Bxc4 Nd7
9. Nc3 Nb6 10. Bb3 Qd7 11. Nf3 Rd8 12. Rd1 Nh6 13. Qe2 Bg4 14. Ne4 Nf5 15. Be3
Nxh4 16. Rxh4 Bxh4 17. Nd6+ Kf8 18. Qc2 Be7 19. Bf4 Bxf3 20. gxf3 Bxd6 21. exd6
Nc8 22. Bg5 Re8 23. Bf4 b6 24. Rc1 Nxd6 25. Qxc6 Qxc6 26. Rxc6 Nf5 27. Be5 h4
28. Rc7 h3 29. Bh2 Nxd4 30. Bd1 Rh5 31. f4 Rc5 32. Rxa7 Rd8 33. f5 Rc1 34. fxe6
Nxe6 0-1